Deputy Prime Ministers of Sweden - Statistics

General Stats
  • This quiz has been taken 3 times
  • The average score is 5 of 24
Answer Stats
Years Served Answer % Correct
2022 - Present Ebba Busch
100%
1994 - 1995 Mona Sahlin
100%
1982 - 1986 Ingvar Carlsson
50%
2010 - 2014 Jan Björklund
50%
2006 - 2010 Maud Olofsson
50%
1978 Ola Ullsten
50%
1980 - 1982 Ola Ullsten
50%
1991 - 1994 Bengt Westerberg
0%
2004 - 2006 Bo Ringholm
0%
(Acting) 1975 - 1976 Gunnar Sträng
0%
(Acting) 1979 - 1980 Ingemar Mundebo
0%
(Acting) 1986 - 1990 Kjell-Olof Feldt
0%
(Acting) 2004 Laila Freivalds
0%
2004 Lars Engqvist
0%
(Acting) 1990 Lena Hjelm-Wallén
0%
1995 - 2002 Lena Hjelm-Wallén
0%
2002 - 2003 Margareta Winberg
0%
(Acting) 2014 - 2019 Margot Wallström
0%
(Acting) 2003 - 2004 Marita Ulvskog
0%
(Acting) 2019 - 2022 Morgan Johansson
0%
1990 - 1991 Odd Engström
0%
1976 - 1978 Per Ahlmark
0%
(Acting) 1986 Svante Lundkvist
0%
(Acting) 1978 - 1979 Sven Romanus
0%
No matching quizzes found
Score Distribution
Percent of People with Each Score
Percentile by Number Answered
Your Score History
You have not taken this quiz